000 00406nam a22001577a 4500
020 _a9789380669496
082 _aH 891.430 920 71
_bSYA/H
100 _aSyam Sunder Pandey
245 _aHindi Atmakadhayem/
_cby Syam Sunder Pandey
260 _aKanpur:
_bJnan Prakasan,
_c2015.
300 _a279p.
650 _aAutobiographies Hindi
650 _aLiterature Hindi
650 _aLiterature
942 _cBK
999 _c63310
_d63310